| 000 | 02049cam a2200505 i 4500 | ||
|---|---|---|---|
| 001 | 59386 | ||
| 003 | CO-BoRNBP | ||
| 005 | 20251007163651.0 | ||
| 007 | ta | ||
| 008 | 880112s1978 sp | || spa | ||
| 017 |
_aM 32626-1978 _bOficina Depósito Legal Madrid |
||
| 020 | _a8420713708 | ||
| 040 |
_aSpMaBN _bspa _cSpMaBN _erdc |
||
| 080 | _a53(075.8) | ||
| 100 | 1 |
_aAguilar Peris, José _965406 |
|
| 245 | 1 | 0 |
_aFísica _h[Texto impreso] _cJosé Aguilar Peris, José Doria Rico, Juan de la Rubia Pacheco |
| 250 | _a1a. edición | ||
| 300 |
_a496 p. _bil. _c24 cm |
||
| 336 |
_2rdacontent _atexto _btxt |
||
| 337 |
_2rdamedia _asin mediación _bn |
||
| 338 |
_2rdacarrier _avolumen _bnc |
||
| 650 | 7 |
_aFísica _2embne _910460 |
|
| 700 | 1 |
_aDoria Rico, José _965407 |
|
| 700 | 1 |
_aRubia Pacheco, Juan de la _d1928- _965408 |
|
| 942 |
_2ddc _cBK |
||
| 956 | _a1 2 | ||
| 980 |
_aS 280-1986 _a84-207-1370-8 _aSpMaBN _bBNMADRID _j3/133097 _cSG_RECOLET |
||
| 980 |
_aS 280-1986 _a84-207-1370-8 _aSpMaBN _bBNMADRID _j3/160464 _cSG_RECOLET |
||
| 980 |
_aSpMaBN _bBNMADRID _j4/218489 _cSG_RECOLET |
||
| 980 |
_aSpMaBN _bBNMADRID _j9/68554 _cSG_RECOLET |
||
| 980 |
_aM 32626-1978 _aSpMaBN _bBNALCALA _jDL/102254 _cCONSERVACI |
||
| 980 |
_aM 15577-1980 _aSpMaBN _bBNALCALA _jDL/136083 _cCONSERVACI |
||
| 980 |
_aM 845-1981 _aSpMaBN _bBNALCALA _jDL/156951 _cCONSERVACI |
||
| 980 |
_aSpMaBN _bBNALCALA _jDL/181426 _cCONSERVACI |
||
| 980 |
_aSpMaBN _bBNALCALA _jDL/238500 _cCONSERVACI |
||
| 980 |
_aSpMaBN _bBNALCALA _jDL/249528 _cCONSERVACI |
||
| 980 |
_aS 280-1986 _a84-207-1370-8 _aSpMaBN _bBNALCALA _jDL/330289 _cCONSERVACI |
||
| 980 |
_aS 280-1986 _a84-207-1370-8 _aSpMaBN _bBNALCALA _jDL/370933 _cCONSERVACI |
||
| 980 |
_aSpMaBN _bBNALCALA _jDL/500536 _cCONSERVACI |
||
| 980 |
_aM 32626-1978 _aSpMaBN _bBNALCALA _jJ1/12683 _cSG_PETANTI |
||
| 980 |
_aM 15577-1980 _aSpMaBN _bBNALCALA _jJ1/15302 _cSG_PETANTI |
||
| 980 |
_aM 845-1981 _aSpMaBN _bBNALCALA _jJ1/17457 _cSG_PETANTI |
||
| 980 |
_aSpMaBN _bBNALCALA _jJ1/18786 _cSG_PETANTI |
||
| 980 |
_aSpMaBN _bBNALCALA _jJ1/24780 _cSG_PETANTI |
||
| 999 |
_c59386 _d59386 |
||